Statistiques concernant est t'il mort ?

Cliquez ici pour prendre le quiz!

Statistiques générales

  • Ce quiz a été pris 264 fois
  • Le résultat moyen est 14 sur 15

Statistiques - réponses

Réponse% Correct
mort
100%
vivant
99%
vivant
98%
mort
97%
vivant
96%
vivant
96%
mort
95%
vivant
95%
mort
94%
mort
94%
vivant
94%
vivant
94%
vivant
94%
vivant
94%
vivant
93%

Distribution des résultats

Percentile par nombre de réponses

% des personnes avec chaque résultat

Votre développement - résultats

Vous n’avez pas pris ce quiz